[Event "GRENKE Chess Open 2018"]
[Site "Karlsruhe GER"]
[Date "2018.03.31"]
[Round "5.33"]
[White "Vinke, Andreas"]
[Black "Pavlovic, Milos"]
[Result "1/2-1/2"]
[BlackTitle "GM"]
[WhiteElo "2162"]
[BlackElo "2466"]
[WhiteFideId "4644662"]
[BlackFideId "900389"]
[EventDate "2018.03.29"]

1. c4 e6 2. g3 d5 3. Nf3 Nf6 4. d4 Be7 5. Bg2 O-O 6. O-O b6 7. cxd5 exd5 8. Nc3
Bb7 9. Bf4 Na6 10. Rc1 c5 1/2-1/2

[Event "GRENKE Chess Open 2018"]
[Site "Karlsruhe GER"]
[Date "2018.03.31"]
[Round "5.34"]
[White "Nasuta, Grzegorz"]
[Black "Van Kerkhof, David"]
[Result "1-0"]
[WhiteTitle "IM"]
[BlackTitle "FM"]
[WhiteElo "2459"]
[BlackElo "2334"]
[WhiteFideId "1141686"]
[BlackFideId "1012827"]
[EventDate "2018.03.29"]

1. e4 c5 2. Nf3 g6 3. c3 Bg7 4. d4 cxd4 5. cxd4 d5 6. e5 Bg4 7. Bb5+ Nc6 8.
Bxc6+ bxc6 9. Nbd2 e6 10. O-O Ne7 11. h3 Bxf3 12. Nxf3 O-O 13. Qa4 Qb6 14. Bg5
f6 15. exf6 Bxf6 16. Rae1 Nf5 17. Bxf6 Rxf6 18. Ne5 Qb5 19. Qxb5 cxb5 20. Ng4
Rff8 21. Rxe6 Nxd4 22. Re7 Nf5 23. Rd7 d4 24. Rc1 Rf7 25. Rcc7 Rxd7 26. Rxd7 h6
27. Nf6+ Kf8 28. Nh7+ Ke8 29. Nf6+ Kf8 30. g4 Nh4 31. Nh7+ Kg8 32. Nf6+ Kf8 33.
Kf1 Rc8 34. Nh7+ Kg8 35. Nf6+ Kf8 36. Rxd4 Rc2 37. Rb4 a6 38. Nd5 g5 39. Rb3 Kf7
40. Nb4 Rc1+ 41. Ke2 Ng6 42. Nxa6 Nf4+ 43. Kf3 Ne6 44. Ke3 Re1+ 45. Kd2 Re5 46.
Nb4 Nf4 47. Re3 Rc5 48. Nd3 Rd5 49. Kc3 Ne6 50. a3 Rd4 51. Re5 Rc4+ 52. Kd2 Nd4
53. Rxb5 Rc2+ 54. Kd1 Rc7 55. Rb6 Ne6 56. a4 Ra7 57. b3 Nd4 58. Kd2 Nxb3+ 59.
Rxb3 Rxa4 60. Rb6 Kg7 61. Ke3 Ra3 62. Ke4 Rc3 63. f4 gxf4 64. Nxf4 Rc4+ 65. Ke5
Rc5+ 66. Ke6 Rc7 67. Rd6 Rc4 68. Rd7+ Kg8 69. Kf5 Rc6 70. Ne6 Ra6 71. Re7 h5 72.
Kg6 Ra8 73. Kxh5 Rb8 74. g5 Ra8 75. g6 Rb8 76. Kh6 Ra8 77. Rd7 1-0

[Event "GRENKE Chess Open 2018"]
[Site "Karlsruhe GER"]
[Date "2018.03.31"]
[Round "5.35"]
[White "Ondersteijn, Niels"]
[Black "Bacrot, Etienne"]
[Result "1/2-1/2"]
[WhiteTitle "FM"]
[BlackTitle "GM"]
[WhiteElo "2376"]
[BlackElo "2718"]
[WhiteFideId "1011162"]
[BlackFideId "605506"]
[EventDate "2018.03.29"]

1. c4 e5 2. g3 Nf6 3. Bg2 d5 4. cxd5 Nxd5 5. Nc3 Nb6 6. Nf3 Nc6 7. O-O Be7 8.
Rb1 a5 9. d3 Be6 10. Be3 Nd5 11. Nxd5 Bxd5 12. Qa4 O-O 13. Rbc1 Bd6 14. a3 Ne7
15. Nd2 c6 16. Bxd5 Nxd5 17. Bc5 Re8 18. Qb3 Bxc5 19. Rxc5 Qd7 20. e4 a4 21. Qc2
Nc7 22. Nf3 f6 23. Kg2 Red8 24. Rd1 Ne6 25. Rc4 c5 26. h3 b5 27. Rc3 c4 28. Qd2
Qb7 29. Qe1 Nc5 30. dxc4 Nxe4 31. Rxd8+ Rxd8 32. Re3 Nd6 33. cxb5 Qxb5 34. Qd1
Nb7 35. Qe2 Qd5 36. Kh2 Nc5 37. Ne1 h6 38. Qc2 e4 39. f3 f5 40. fxe4 fxe4 41.
Ng2 Qd4 42. Rc3 Ne6 43. h4 Qe5 44. Re3 Nc5 45. Rc3 Nd3 46. Qxa4 Nf2 47. Qc4+ Kh7
48. Qe2 Qf5 49. Nf4 e3 50. Kg2 Qe4+ 51. Qf3 Rd2 52. Rxe3 Nd1+ 53. Re2 Rxe2+ 54.
Nxe2 Ne3+ 55. Kf2 Nd1+ 56. Kg2 1/2-1/2

[Event "GRENKE Chess Open 2018"]
[Site "Karlsruhe GER"]
[Date "2018.03.31"]
[Round "5.36"]
[White "Lagunow, Raphael"]
[Black "Kasimdzhanov, Rustam"]
[Result "1/2-1/2"]
[WhiteTitle "FM"]
[BlackTitle "GM"]
[WhiteElo "2368"]
[BlackElo "2676"]
[WhiteFideId "24652644"]
[BlackFideId "14200244"]
[EventDate "2018.03.29"]

1. e4 e5 2. Nf3 Nc6 3. Bc4 Bc5 4. c3 Nf6 5. d3 d6 6. a4 a5 7. O-O h6 8. Na3 O-O
9. Nc2 Ne7 10. d4 exd4 11. cxd4 Bb6 12. e5 Nfd5 13. Bb3 Be6 14. Ne3 dxe5 15.
Nxd5 Nxd5 16. dxe5 Nb4 17. Bd2 Nd3 18. Bc3 Nf4 19. Bd2 Bxb3 20. Qxb3 Qd3 21.
Qxd3 Nxd3 22. Bc3 Rad8 23. b3 Rd5 24. Ra2 Rfd8 25. Rd2 Kf8 26. g3 Ke7 27. Kg2
Ke6 28. Rb1 g5 29. h3 Kf5 30. Kf1 c6 31. Kg2 h5 32. Kf1 g4 33. hxg4+ hxg4 34.
Nh4+ Ke6 35. Ng2 Ke7 36. Nh4 Nxe5 37. Re2 Ke6 38. Rbe1 Bc7 39. Ng2 Rd1 40. Bxe5
Rxe1+ 41. Rxe1 Bxe5 42. Ne3 Bc3 43. Re2 Rd3 44. Nxg4+ Kd6 45. Re3 Rxe3 46. Nxe3
Kc5 47. Nc2 b5 48. axb5 cxb5 49. Ke2 a4 50. bxa4 bxa4 51. Kd3 Bg7 52. g4 Bb2 53.
Ne1 Bd4 54. f4 a3 55. Nc2 Bb2 56. g5 Kd6 57. f5 Ke7 58. g6 f6 59. Nb4 1/2-1/2

[Event "GRENKE Chess Open 2018"]
[Site "Karlsruhe GER"]
[Date "2018.03.31"]
[Round "5.37"]
[White "Shirov, Alexei"]
[Black "Flick, Antoine"]
[Result "1-0"]
[WhiteTitle "GM"]
[BlackTitle "FM"]
[WhiteElo "2651"]
[BlackElo "2364"]
[WhiteFideId "2209390"]
[BlackFideId "26025736"]
[EventDate "2018.03.29"]

1. e4 c5 2. Nf3 Nc6 3. d4 cxd4 4. Nxd4 e5 5. Nb5 d6 6. c4 Be7 7. N1c3 a6 8. Na3
f5 9. exf5 Bxf5 10. Nc2 Nf6 11. Ne3 Be6 12. g3 O-O 13. Bg2 Kh8 14. O-O Rc8 15.
b3 b5 16. Ncd5 Nd4 17. Bb2 Nxd5 18. cxd5 Bd7 19. Qd3 Qe8 20. f4 Qh5 21. Rae1 Bf6
22. fxe5 dxe5 23. d6 Qh6 24. Nd5 Bg5 25. h4 Bd2 26. Rxf8+ Rxf8 27. Rxe5 Nc6 28.
Re2 Ba5 29. Nc7 Bb6+ 30. Kh2 Bc5 31. Re7 Nb4 32. Qc3 1-0

[Event "GRENKE Chess Open 2018"]
[Site "Karlsruhe GER"]
[Date "2018.03.31"]
[Round "5.38"]
[White "Landa, Konstantin"]
[Black "Coenen, Michael"]
[Result "1-0"]
[WhiteTitle "GM"]
[BlackTitle "FM"]
[WhiteElo "2613"]
[BlackElo "2358"]
[WhiteFideId "4101685"]
[BlackFideId "4697367"]
[EventDate "2018.03.29"]

1. Nf3 Nf6 2. g3 d5 3. Bg2 e6 4. O-O Be7 5. b3 O-O 6. Bb2 b6 7. c4 Bb7 8. cxd5
exd5 9. d4 Re8 10. Ne5 c5 11. dxc5 bxc5 12. Nc3 Nbd7 13. Nc4 dxc4 14. Bxb7 Rb8
15. Ba6 Nb6 16. Bb5 Qxd1 17. Rfxd1 Red8 18. Rxd8+ Bxd8 19. Nd1 cxb3 20. axb3 a5
21. Be5 Ra8 22. Ne3 Nbd7 23. Bc3 Nf8 24. Nc4 Ne6 25. e3 Rb8 26. Ba4 Ra8 27. Bc6
Ra6 28. Bg2 h5 29. h4 g5 30. hxg5 Nxg5 31. Rd1 Bc7 32. Bxf6 Rxf6 33. Rd5 Ne6 34.
Rxh5 Kg7 35. Rd5 Rh6 36. Rd7 Bd8 37. Bd5 1-0

[Event "GRENKE Chess Open 2018"]
[Site "Karlsruhe GER"]
[Date "2018.03.31"]
[Round "5.39"]
[White "Papp, Gabor1"]
[Black "Hess, Max"]
[Result "1-0"]
[WhiteTitle "GM"]
[BlackTitle "FM"]
[WhiteElo "2604"]
[BlackElo "2338"]
[WhiteFideId "718602"]
[BlackFideId "24656666"]
[EventDate "2018.03.29"]

1. e4 c5 2. Nf3 e6 3. d4 cxd4 4. Nxd4 Nc6 5. Nc3 Qc7 6. Be3 a6 7. a3 Nf6 8. f4
d6 9. Qf3 Bd7 10. O-O-O h5 11. h3 Nxd4 12. Bxd4 Bc6 13. Bd3 h4 14. Rhe1 O-O-O
15. Qf2 Nd7 16. Bc4 b5 17. Ba2 Re8 18. Kb1 Rh6 19. f5 Ne5 20. Be3 Rh8 21. Rd4
Kb8 22. Red1 g6 23. a4 gxf5 24. axb5 axb5 25. exf5 Rg8 26. Ne4 Bxe4 27. Rxe4 Qc6
28. Qe2 Ka8 29. Bg1 Re7 30. Bb3 Bh6 31. Qe1 Kb8 32. fxe6 fxe6 33. Rxe5 dxe5 34.
Qxe5+ Rc7 35. Rd6 Rg5 36. Qxe6 Rxg2 37. Rxc6 Rxg1+ 38. Ka2 Ra7+ 39. Ra6 1-0

[Event "GRENKE Chess Open 2018"]
[Site "Karlsruhe GER"]
[Date "2018.03.31"]
[Round "5.40"]
[White "Sumets, Andrey"]
[Black "Eden, James"]
[Result "1-0"]
[WhiteTitle "GM"]
[BlackTitle "IM"]
[WhiteElo "2590"]
[BlackElo "2324"]
[WhiteFideId "14105500"]
[BlackFideId "666491"]
[EventDate "2018.03.29"]

1. d4 Nf6 2. c4 g6 3. Nc3 Bg7 4. e4 d6 5. Nf3 O-O 6. Be2 e5 7. O-O Nc6 8. d5 Ne7
9. Ne1 Ne8 10. Be3 f5 11. f3 f4 12. Bf2 g5 13. a4 a5 14. c5 Nf6 15. cxd6 cxd6
16. Rc1 Rf7 17. Nb5 Ng6 18. Qc2 Ne8 19. Na3 h5 20. Nc4 g4 21. Kh1 g3 22. Bg1 Rc7
23. Qd2 Rc5 24. Nd3 b6 25. b4 axb4 26. Qxb4 Nh4 27. Rfd1 Nxg2 28. Kxg2 Qd7 29.
Kh1 h4 30. Nxb6 Qf7 31. Nxc8 h3 32. Bxc5 Qg6 1-0

[Event "GRENKE Chess Open 2018"]
[Site "Karlsruhe GER"]
[Date "2018.04.01"]
[Round "6.1"]
[White "Sadzikowski, Daniel"]
[Black "Rapport, Richard"]
[Result "1/2-1/2"]
[WhiteTitle "GM"]
[BlackTitle "GM"]
[WhiteElo "2583"]
[BlackElo "2715"]
[WhiteFideId "1132253"]
[BlackFideId "738590"]
[EventDate "2018.03.29"]

1. d4 e6 2. c4 Bb4+ 3. Bd2 Qe7 4. Nc3 Nf6 5. e3 O-O 6. Bd3 d5 7. cxd5 exd5 8. a3
Bd6 9. Nb5 Re8 10. Nxd6 Qxd6 11. f3 b6 12. b4 c5 13. bxc5 1/2-1/2

[Event "GRENKE Chess Open 2018"]
[Site "Karlsruhe GER"]
[Date "2018.04.01"]
[Round "6.2"]
[White "Moussard, Jules"]
[Black "Andreikin, Dmitry"]
[Result "1/2-1/2"]
[WhiteTitle "GM"]
[BlackTitle "GM"]
[WhiteElo "2576"]
[BlackElo "2712"]
[WhiteFideId "642908"]
[BlackFideId "4158814"]
[EventDate "2018.03.29"]

1. c4 e5 2. Nc3 Nc6 3. Nf3 f5 4. d4 e4 5. d5 exf3 6. dxc6 fxg2 7. cxd7+ Qxd7 8.
Qxd7+ Bxd7 9. Bxg2 c6 10. b3 Nf6 11. Bb2 O-O-O 12. Rd1 Be7 13. O-O Be6 1/2-1/2

[Event "GRENKE Chess Open 2018"]
[Site "Karlsruhe GER"]
[Date "2018.04.01"]
[Round "6.3"]
[White "Heimann, Andreas"]
[Black "Van Wely, Loek"]
[Result "1/2-1/2"]
[WhiteTitle "GM"]
[BlackTitle "GM"]
[WhiteElo "2574"]
[BlackElo "2667"]
[WhiteFideId "24624632"]
[BlackFideId "1000268"]
[EventDate "2018.03.29"]

1. d4 Nf6 2. c4 g6 3. Nc3 d5 4. Bf4 Bg7 5. e3 O-O 6. cxd5 Nxd5 7. Nxd5 Qxd5 8.
Bxc7 Na6 9. Bxa6 Qxg2 10. Qf3 Qxf3 11. Nxf3 bxa6 1/2-1/2

[Event "GRENKE Chess Open 2018"]
[Site "Karlsruhe GER"]
[Date "2018.04.01"]
[Round "6.4"]
[White "Korobov, Anton"]
[Black "Antal, Gergely"]
[Result "1-0"]
[WhiteTitle "GM"]
[BlackTitle "GM"]
[WhiteElo "2664"]
[BlackElo "2540"]
[WhiteFideId "14105730"]
[BlackFideId "717312"]
[EventDate "2018.03.29"]

1. d4 f5 2. g3 Nf6 3. Bg2 e6 4. c4 d5 5. Nf3 Bd6 6. O-O O-O 7. b3 b6 8. Ba3 Bxa3
9. Nxa3 Bb7 10. cxd5 Bxd5 11. Nc4 Nbd7 12. Rc1 Rc8 13. Ne3 Qe7 14. Nxd5 Nxd5 15.
e3 c5 16. Qe2 Rc7 17. e4 fxe4 18. Qxe4 Rfc8 19. Rfe1 Nf8 20. h4 Qd6 21. dxc5
Rxc5 22. Rxc5 Rxc5 23. Ng5 Nc7 24. Qf3 Rf5 25. Qb7 h6 26. Ne4 Qb4 27. Rd1 Nb5
28. Kh2 Nc3 29. a3 Qa5 30. b4 Qe5 31. Rd2 Nxe4 32. Qxe4 Qxe4 33. Bxe4 Rf7 34.
Kg2 Rd7 35. Rc2 Kf7 36. Rc8 Ke7 37. Ra8 Rc7 38. f4 Nd7 39. b5 Nc5 40. Bg6 Nb3
41. g4 Kd6 42. g5 Nd4 43. Bd3 Kc5 44. h5 Nxb5 45. Rh8 Nxa3 46. gxh6 gxh6 47.
Rxh6 Kd4 48. Rh7 Rxh7 49. Bxh7 Nc4 50. h6 Ne3+ 51. Kg3 Nd5 52. Bc2 Nf6 53. Kh4
e5 54. Kg5 exf4 55. Kxf6 f3 56. Bd1 1-0

[Event "GRENKE Chess Open 2018"]
[Site "Karlsruhe GER"]
[Date "2018.04.01"]
[Round "6.5"]
[White "Fridman, Daniel"]
[Black "Malakhatko, Vadim"]
[Result "1/2-1/2"]
[WhiteTitle "GM"]
[BlackTitle "GM"]
[WhiteElo "2637"]
[BlackElo "2536"]
[WhiteFideId "11600454"]
[BlackFideId "14104202"]
[EventDate "2018.03.29"]

1. Nf3 d5 2. c4 c6 3. d4 Nf6 4. Qc2 g6 5. Bf4 Bg7 6. e3 O-O 7. Nc3 Na6 8. cxd5
Nb4 9. Qb3 Nbxd5 10. Be5 Qb6 11. Bc4 Qxb3 12. Bxb3 Nxc3 13. bxc3 Ne4 14. Rc1 b6
15. Bxg7 Kxg7 16. Ne5 Bb7 17. f3 Nd6 18. e4 c5 19. dxc5 bxc5 20. Kf2 Rfc8 21.
Nc4 Nxc4 22. Bxc4 Bc6 23. Rb1 Rab8 24. Ke3 Rb6 25. Rb3 e6 26. g4 Kf6 27. h4 Rc7
28. g5+ Ke7 29. h5 Ba4 30. Ra3 Bb5 31. Bxb5 Rxb5 32. hxg6 hxg6 33. Rh8 c4 34. f4
Rd7 35. e5 Rb2 36. Ke4 Re2+ 37. Kf3 Rc2 38. Ke4 Re2+ 39. Kf3 Rc2 40. Ke4 Re2+ 1/2-1/2

[Event "GRENKE Chess Open 2018"]
[Site "Karlsruhe GER"]
[Date "2018.04.01"]
[Round "6.6"]
[White "Kollars, Dmitrij"]
[Black "Gordievsky, Dmitry"]
[Result "1/2-1/2"]
[WhiteTitle "GM"]
[BlackTitle "GM"]
[WhiteElo "2534"]
[BlackElo "2630"]
[WhiteFideId "12909572"]
[BlackFideId "24112798"]
[EventDate "2018.03.29"]

1. e4 c5 2. Nf3 e6 3. d4 cxd4 4. Nxd4 a6 5. c4 Nf6 6. Nc3 Qc7 7. Be2 Bb4 8. O-O
O-O 9. Bg5 Bxc3 10. Bxf6 Bb4 11. Bg5 Nc6 12. Be3 Bd6 13. g3 Rd8 14. Nxc6 dxc6
15. Qc2 c5 16. f4 b6 17. e5 Bf8 18. Bf3 Bb7 19. Be4 g6 20. Rfd1 Rxd1+ 21. Rxd1
Bxe4 22. Qxe4 Rd8 23. Rd3 Rxd3 24. Qxd3 Qc6 25. Bc1 Be7 26. b3 f5 27. a4 Kf7 28.
Bd2 1/2-1/2

[Event "GRENKE Chess Open 2018"]
[Site "Karlsruhe GER"]
[Date "2018.04.01"]
[Round "6.7"]
[White "Schlosser, Philipp"]
[Black "Kozul, Zdenko"]
[Result "1/2-1/2"]
[WhiteTitle "GM"]
[BlackTitle "GM"]
[WhiteElo "2510"]
[BlackElo "2617"]
[WhiteFideId "4600169"]
[BlackFideId "14502879"]
[EventDate "2018.03.29"]

1. d4 Nf6 2. Nf3 g6 3. Nbd2 d5 4. e3 Bg7 5. b4 O-O 6. c4 c6 7. Bb2 Bg4 8. Be2
Ne4 9. O-O Nxd2 10. Nxd2 Bxe2 11. Qxe2 Nd7 12. Rfd1 Re8 13. a4 a6 14. h3 e6 15.
b5 axb5 16. axb5 Qe7 17. Nf3 Qb4 18. bxc6 bxc6 19. cxd5 cxd5 20. Qd2 Qb5 21. Bc3
Rxa1 22. Rxa1 Rb8 23. Qa2 Nf6 24. Be1 Ne4 25. Qc2 Qb2 26. Qxb2 Rxb2 27. Ra8+ Bf8
28. Ra1 f6 29. Kf1 g5 30. Ng1 h5 31. Ne2 h4 32. Nc3 Nxc3 33. Bxc3 Rc2 34. Be1
Kf7 35. Rb1 Ba3 36. Rb3 Bb2 37. Rd3 Kg6 1/2-1/2

[Event "GRENKE Chess Open 2018"]
[Site "Karlsruhe GER"]
[Date "2018.04.01"]
[Round "6.8"]
[White "Bindrich, Falko"]
[Black "Ider, Borya"]
[Result "1/2-1/2"]
[WhiteTitle "GM"]
[BlackTitle "IM"]
[WhiteElo "2602"]
[BlackElo "2505"]
[WhiteFideId "4676670"]
[BlackFideId "4901134"]
[EventDate "2018.03.29"]

1. d4 e6 2. g3 c5 3. Nf3 b5 4. Bg2 Bb7 5. c3 Nf6 6. O-O cxd4 7. cxd4 Be7 8. Bg5
O-O 9. Nbd2 h6 10. Bxf6 Bxf6 11. Qb3 Qb6 12. a4 Nc6 13. e3 bxa4 14. Rxa4 Be7 15.
Ne5 Nxe5 16. Bxb7 Rab8 17. Qxb6 axb6 18. Ra7 Ng6 19. Be4 f5 20. Bd3 d5 21. Rc1
Rfc8 22. Rcc7 Rxc7 23. Rxc7 Bd8 24. Ra7 Nf8 25. Nf3 Bf6 26. Bb5 Rc8 27. Rb7 Rc2
28. b3 Rc3 29. Ba4 g5 30. Kg2 g4 31. Ne1 Bd8 32. h3 h5 33. h4 f4 34. gxf4 Bxh4
35. Be8 Rc1 36. Nd3 Rd1 37. Ne5 Rd2 38. Bf7+ Kh8 39. Bxh5 Bxf2 40. Rf7 Kg8 41.
Nxg4 Bxe3+ 42. Kf3 Bxd4 43. Nh6+ Kh8 44. Rxf8+ Kg7 45. Re8 Kxh6 46. Bf7 Rd3+ 47.
Kg4 Rxb3 48. Bxe6 Kg6 49. Bxd5 Re3 50. Rc8 Rc3 51. Rb8 Rc7 52. Rd8 Bc5 53. Be4+
Kf6 54. Rh8 Rg7+ 55. Kf3 Rg1 56. Rh6+ Kg7 57. Rc6 Rf1+ 58. Kg4 Be3 59. Bf3 Kf7
60. Rc3 Bd4 61. Rd3 Bc5 62. Kf5 Ke7 63. Bc6 Bd6 64. Re3+ Kd8 65. Bf3 Kd7 66. Rd3
b5 67. Kf6 b4 68. f5 Rc1 69. Bd5 Rc3 70. Be6+ Kc6 71. Rd1 Bc5 72. Kf7 Kb5 73. f6
b3 74. Rb1 Kb4 75. Ke8 Ka3 76. Rxb3+ Rxb3 77. Bxb3 Kxb3 78. f7 Kc4 79. f8=B Bxf8 1/2-1/2

[Event "GRENKE Chess Open 2018"]
[Site "Karlsruhe GER"]
[Date "2018.04.01"]
[Round "6.9"]
[White "Bernadskiy, Vitaliy"]
[Black "Poetsch, Hagen"]
[Result "1/2-1/2"]
[WhiteTitle "GM"]
[BlackTitle "IM"]
[WhiteElo "2588"]
[BlackElo "2484"]
[WhiteFideId "14100371"]
[BlackFideId "24615137"]
[EventDate "2018.03.29"]

1. Nf3 d5 2. g3 g6 3. Bg2 Bg7 4. O-O e5 5. d3 Ne7 6. e4 O-O 7. exd5 Nxd5 8. Nc3
Ne7 9. Re1 Nbc6 10. Rb1 f5 11. Bg5 h6 12. Bxe7 Qxe7 13. Nd2 Be6 14. Bxc6 bxc6
15. Nf3 Qd6 16. Qe2 Rae8 17. Nxe5 Bxa2 18. Nxa2 Rxe5 19. Qf1 Rfe8 20. Nc3 1/2-1/2

[Event "GRENKE Chess Open 2018"]
[Site "Karlsruhe GER"]
[Date "2018.04.01"]
[Round "6.11"]
[White "Lagarde, Maxime"]
[Black "Kevlishvili, Robby"]
[Result "1-0"]
[WhiteTitle "GM"]
[BlackTitle "IM"]
[WhiteElo "2587"]
[BlackElo "2472"]
[WhiteFideId "662399"]
[BlackFideId "1040634"]
[EventDate "2018.03.29"]

1. c4 e5 2. Nc3 Bb4 3. e3 Nf6 4. Nd5 Bc5 5. d4 Nxd5 6. dxc5 Nf6 7. b4 a5 8. b5
Qe7 9. a4 Qxc5 10. Ba3 Qb6 11. c5 Qe6 12. Qc2 O-O 13. Bc4 Qe7 14. Nf3 d6 15.
cxd6 cxd6 16. Rd1 Ne8 17. Bd3 Nd7 18. Bxh7+ Kh8 19. Bf5 Nb6 20. O-O g6 21. Bxg6
fxg6 22. Nxe5 Kg8 23. Bxd6 Nxd6 24. Qxg6+ Qg7 25. Rxd6 Nxa4 26. Qh5 Bf5 27. Ng6
Rf7 28. Rfd1 Re8 29. Rd8 Bxg6 30. Rxe8+ Rf8 31. Rxf8+ Kxf8 32. Rd8+ Kf7 33. Qd5+ 1-0

[Event "GRENKE Chess Open 2018"]
[Site "Karlsruhe GER"]
[Date "2018.04.01"]
[Round "6.13"]
[White "Shirov, Alexei"]
[Black "Xu, Xianliang"]
[Result "1-0"]
[WhiteTitle "GM"]
[BlackTitle "FM"]
[WhiteElo "2651"]
[BlackElo "2424"]
[WhiteFideId "2209390"]
[BlackFideId "4603230"]
[EventDate "2018.03.29"]

1. e4 c5 2. Nf3 d6 3. d4 cxd4 4. Nxd4 Nf6 5. Nc3 g6 6. Be3 Bg7 7. f3 O-O 8. Qd2
Nc6 9. Bc4 Bd7 10. O-O-O Rb8 11. Bb3 Na5 12. g4 b5 13. Kb1 Nc4 14. Bxc4 bxc4 15.
Ka1 Qa5 16. h4 h5 17. gxh5 Nxh5 18. Rhg1 Rfe8 19. Nde2 Rb6 20. Rg5 Qb4 21. Qc1
Ra6 22. Rdg1 Ra5 23. Bd4 Rxg5 24. Rxg5 Bxd4 25. Nxd4 Nf4 26. h5 f6 27. Rxg6+
Nxg6 28. Nd5 Qc5 29. Qg1 Kf8 30. c3 Ne5 31. h6 Ng4 32. fxg4 Kf7 33. g5 Rg8 34.
h7 Rh8 35. g6+ Kg7 36. Nf4 Qe5 37. Nf5+ Bxf5 38. Nh5+ Kh6 39. g7 Rxh7 40. g8=Q 1-0

[Event "GRENKE Chess Open 2018"]
[Site "Karlsruhe GER"]
[Date "2018.04.01"]
[Round "6.14"]
[White "Banusz, Tamas"]
[Black "Braeuer, Franz"]
[Result "1-0"]
[WhiteTitle "GM"]
[BlackTitle "IM"]
[WhiteElo "2618"]
[BlackElo "2423"]
[WhiteFideId "722413"]
[BlackFideId "24634468"]
[EventDate "2018.03.29"]

1. Nf3 d5 2. g3 c6 3. Bg2 Bf5 4. O-O Nf6 5. d3 h6 6. c4 e6 7. cxd5 exd5 8. Qb3
Qb6 9. Qc2 Be7 10. Nc3 O-O 11. e4 Bh7 12. Be3 Qa6 13. Rfd1 Rd8 14. Qb3 Nbd7 15.
exd5 cxd5 16. d4 Qb6 17. Nxd5 Nxd5 18. Qxd5 Qxb2 19. Ne1 Nc5 20. Qc4 Ne4 21.
Rdb1 Qa3 22. Rb3 Qa5 23. Rxb7 Nd6 24. Qc7 Nxb7 25. Qxe7 Rab8 26. Bxb7 Re8 27.
Qd7 Rxe3 28. fxe3 Qc3 29. Rd1 Qxe3+ 30. Kf1 Be4 31. Bd5 Bxd5 32. Qxd5 Rb6 33.
Nd3 g5 34. Nf2 Rb2 35. Qf5 Qe2+ 36. Kg1 Rxa2 37. d5 Rd2 38. Rxd2 Qe1+ 39. Kg2
Qxd2 40. Qe5 a5 41. d6 1-0

[Event "GRENKE Chess Open 2018"]
[Site "Karlsruhe GER"]
[Date "2018.04.01"]
[Round "6.15"]
[White "Barbot, Pierre1"]
[Black "Landa, Konstantin"]
[Result "0-1"]
[WhiteTitle "IM"]
[BlackTitle "GM"]
[WhiteElo "2422"]
[BlackElo "2613"]
[WhiteFideId "663727"]
[BlackFideId "4101685"]
[EventDate "2018.03.29"]

1. d4 d5 2. c4 e6 3. Nf3 a6 4. Bg5 Be7 5. Bxe7 Qxe7 6. e3 Nf6 7. Bd3 dxc4 8.
Bxc4 Qb4+ 9. Nbd2 Qxb2 10. O-O Nc6 11. Rb1 Qa3 12. e4 Qe7 13. e5 Nd5 14. Ne4 b6
15. Re1 Qd7 16. Rc1 Bb7 17. Bb3 O-O-O 18. Ba4 h6 19. Qc2 Nde7 20. Rb1 Qd5 21.
Rec1 Kb8 22. Nc5 bxc5 23. Qb2 Nb4 24. Rxc5 Nd3 25. Rxd5 Nxb2 26. Rxd8+ Rxd8 27.
Rxb2 Kc8 28. Bd1 Nf5 29. Rb4 Bc6 30. Bc2 a5 31. Rc4 Bxf3 32. gxf3 Rxd4 33. Rc5
Nh4 34. Kf1 Rd5 35. Rc3 Rxe5 36. Be4 Nf5 37. Bc6 Nd4 38. Be8 f5 39. f4 Re4 40.
Rc5 Kd8 41. Ba4 Re2 42. Rxa5 Rxa2 43. Ra8+ Ke7 44. Re8+ Kf7 45. Ra8 Nb5 0-1

[Event "GRENKE Chess Open 2018"]
[Site "Karlsruhe GER"]
[Date "2018.04.01"]
[Round "6.16"]
[White "Skawinski, Arkadiusz"]
[Black "Papp, Gabor1"]
[Result "0-1"]
[WhiteTitle "FM"]
[BlackTitle "GM"]
[WhiteElo "2423"]
[BlackElo "2604"]
[WhiteFideId "1126415"]
[BlackFideId "718602"]
[EventDate "2018.03.29"]

1. e4 e5 2. Nf3 Nc6 3. Bb5 a6 4. Ba4 Nge7 5. d3 g6 6. Nbd2 Bg7 7. c3 O-O 8. Nf1
d5 9. Be3 b5 10. Bb3 Qd6 11. h4 d4 12. cxd4 Nxd4 13. Nxd4 exd4 14. Bd2 c5 15. h5
Be6 16. Bxe6 Qxe6 17. Qf3 c4 18. Bb4 Nc6 19. Bxf8 Ne5 20. Qh3 Nxd3+ 21. Kd2 Rxf8
22. hxg6 Qxg6 23. Qh4 Nxb2 24. Ng3 c3+ 25. Kc2 d3+ 26. Kb3 Qe6+ 27. Kb4 a5+ 0-1

[Event "GRENKE Chess Open 2018"]
[Site "Karlsruhe GER"]
[Date "2018.04.01"]
[Round "6.17"]
[White "Kopylov, Michael"]
[Black "Sumets, Andrey"]
[Result "1/2-1/2"]
[WhiteTitle "IM"]
[BlackTitle "GM"]
[WhiteElo "2421"]
[BlackElo "2590"]
[WhiteFideId "14105080"]
[BlackFideId "14105500"]
[EventDate "2018.03.29"]

1. d4 d5 2. c4 e6 3. Nf3 Nf6 4. g3 Be7 5. Bg2 O-O 6. O-O c6 7. Nc3 Nbd7 8. b3 b6
9. Qc2 Ba6 10. Nd2 b5 11. Rd1 Qc8 12. e4 dxc4 13. bxc4 bxc4 14. Na4 1/2-1/2

[Event "GRENKE Chess Open 2018"]
[Site "Karlsruhe GER"]
[Date "2018.04.01"]
[Round "6.18"]
[White "Nitin, S."]
[Black "Heberla, Bartlomiej"]
[Result "1-0"]
[WhiteTitle "IM"]
[BlackTitle "GM"]
[WhiteElo "2414"]
[BlackElo "2570"]
[WhiteFideId "5018277"]
[BlackFideId "1115120"]
[EventDate "2018.03.29"]

1. e4 Nc6 2. Nc3 Nf6 3. d4 d5 4. e5 Nd7 5. Be2 Nb6 6. f4 g6 7. Be3 Bg7 8. h3 f6
9. Nf3 Be6 10. Qd2 Qd7 11. b3 Bf5 12. O-O O-O 13. Nd1 Be4 14. c3 Bxf3 15. Bxf3
e6 16. Nb2 Nc8 17. Nd3 b6 18. Rae1 N8e7 19. exf6 Rxf6 20. Bf2 Raf8 21. Qe2 Nd8
22. Bh4 R6f7 23. Bg4 Qb5 24. Ne5 Qxe2 25. Rxe2 Bxe5 26. Rxe5 Kg7 27. Rfe1 Nec6
28. R5e3 Rxf4 29. Bg3 R4f7 30. Bxe6 Nxe6 31. Rxe6 Nd8 32. Re7 Rxe7 33. Rxe7+ Rf7
34. Rxf7+ Kxf7 35. Bxc7 Ne6 36. Bb8 a6 37. Kf2 b5 38. Ke3 Ke7 39. c4 bxc4 40.
bxc4 dxc4 41. d5 Ng7 42. Kd4 Nf5+ 43. Kxc4 Ne3+ 44. Kc5 Kd7 45. g3 g5 46. a4 h5
47. Be5 a5 48. Bf6 Nf1 49. Bxg5 Nxg3 50. Bf4 Ne2 51. Be5 Ng1 52. h4 Nf3 53. Bg3
Nd2 54. Kb5 Nb3 55. Be5 Nd2 56. Bf4 Nf3 57. Bg3 Nd4+ 58. Kxa5 Nf5 59. Be1 Ne7
60. Kb6 Nxd5+ 61. Kb7 Nc7 62. a5 Ne6 63. a6 Nc5+ 64. Kb6 Na4+ 65. Kb5 1-0